Wharton on dynamic competitive strategy (Record no. 362)

MARC details
000 -LEADER
fixed length control field 00413nam a2200157Ia 4500
008 - FIXED-LENGTH DATA ELEMENTS--GENERAL INFORMATION
fixed length control field 130318s9999 xx 000 0 und d
020 ## - INTERNATIONAL STANDARD BOOK NUMBER
International Standard Book Number 471172073
082 ## - DEWEY DECIMAL CLASSIFICATION NUMBER
Classification number 658.4012 DAY/W
100 ## - MAIN ENTRY--PERSONAL NAME
Personal name Day, Feorge S
245 ## - TITLE STATEMENT
Title Wharton on dynamic competitive strategy
260 ## - PUBLICATION, DISTRIBUTION, ETC.
Name of publisher, distributor, etc. JW
Place of publication, distribution, etc. New York
Date of publication, distribution, etc. 1997
300 ## - PHYSICAL DESCRIPTION
Extent 465
650 ## - SUBJECT ADDED ENTRY--TOPICAL TERM
Topical term or geographic name entry element EXECUTIVE MANAGEMENT
650 ## - SUBJECT ADDED ENTRY--TOPICAL TERM
Topical term or geographic name entry element STRATEGIC MANAGEMENT
700 ## - ADDED ENTRY--PERSONAL NAME
Personal name Reibstein, David J
Holdings
Withdrawn status Lost status Damaged status Not for loan Collection code Home library Current library Shelving location Date acquired Cost, normal purchase price Total Checkouts Full call number Barcode Date last seen Price effective from Koha item type
        Strategic Management Kerala University of Digital Sciences, Innovation and Technology Knowledge Centre Kerala University of Digital Sciences, Innovation and Technology Knowledge Centre Management 18/03/2013 1276.00   658.4012 DAY/W 363 18/03/2013 18/03/2013 Books